<?xml version="1.0" encoding="UTF-8"?><?xml-stylesheet type="text/xsl" href="static/style.xsl"?><OAI-PMH xmlns="http://www.openarchives.org/OAI/2.0/" xmlns:xsi="http://www.w3.org/2001/XMLSchema-instance" xsi:schemaLocation="http://www.openarchives.org/OAI/2.0/ http://www.openarchives.org/OAI/2.0/OAI-PMH.xsd"><responseDate>2026-06-02T11:36:58Z</responseDate><request verb="GetRecord" identifier="oai:riuma.uma.es:10630/13558" metadataPrefix="marc">https://riuma.uma.es/rest/oai/request</request><GetRecord><record><header><identifier>oai:riuma.uma.es:10630/13558</identifier><datestamp>2026-02-03T12:06:22Z</datestamp><setSpec>com_10630_2254</setSpec><setSpec>col_10630_37959</setSpec></header><metadata><record xmlns="http://www.loc.gov/MARC21/slim" xmlns:dcterms="http://purl.org/dc/terms/" xmlns:doc="http://www.lyncode.com/xoai" xmlns:xsi="http://www.w3.org/2001/XMLSchema-instance" xsi:schemaLocation="http://www.loc.gov/MARC21/slim http://www.loc.gov/standards/marcxml/schema/MARC21slim.xsd">
   <leader>00925njm 22002777a 4500</leader>
   <datafield ind2=" " ind1=" " tag="042">
      <subfield code="a">dc</subfield>
   </datafield>
   <datafield ind2=" " ind1=" " tag="720">
      <subfield code="a">Díaz-Fernández, Alejandro</subfield>
      <subfield code="e">author</subfield>
   </datafield>
   <datafield ind2=" " ind1=" " tag="260">
      <subfield code="c">2017-05-04</subfield>
   </datafield>
   <datafield ind2=" " ind1=" " tag="520">
      <subfield code="a">Distintas tradiciones coinciden en destacar que los reyes de Macedonia descendían del linaje de Heracles a través del mítico Témeno, rey de Argos, uno de cuyos hijos, conocido con el nombre de Cárano o Pérdicas, dependiendo de los relatos, habría viajado hasta la Grecia septentrional para convertirse en el primer rey de Macedonia. Dichas leyendas dibujan un mapa de la geografía mítica de Macedonia mediante el cual se daba sentido a la geografía histórica del reino, hasta el punto de legitimar en determinados casos las conquistas de los monarcas macedonios, tal y como dan a entender ciertos discursos de Isócrates o la controvertida carta de Espeusipo a Filipo. De hecho, no cabe duda de que fue Filipo (359-336 a.C.), hijo de Amintas y padre de Alejandro, quien supo sacar mayor partido de las tradiciones que vinculaban a la monarquía macedonia con el ciclo mítico de los Heráclidas, particularmente con la intención de situar a su reino en el mapa político de Grecia. A partir de un estudio detallado de tales relatos, trazaremos pues el camino que va de la geografía mítica a la geografía histórica del reino de Macedonia: desde las leyendas que situaban a los descendientes de Heracles en el solar macedonio hasta las conquistas de Filipo, concediendo particular atención al desarrollo territorial de un reino que pasó de tener una posición secundaria en el panorama político de Grecia a ser la potencia dominante del momento.</subfield>
   </datafield>
   <datafield ind1="8" ind2=" " tag="024">
      <subfield code="a">http://hdl.handle.net/10630/13558</subfield>
   </datafield>
   <datafield ind1="8" ind2=" " tag="024">
      <subfield code="a">http://orcid.org/0000-0003-4727-4781</subfield>
   </datafield>
   <datafield tag="653" ind2=" " ind1=" ">
      <subfield code="a">Geografía antigua</subfield>
   </datafield>
   <datafield ind2="0" ind1="0" tag="245">
      <subfield code="a">Del mito de los Heráclidas a Filipo de Macedonia: de la geografía mítica a la geografía histórica del reino de Macedonia</subfield>
   </datafield>
</record>
</metadata></record></GetRecord></OAI-PMH>